Конструкционные особенности увеличения эффективности работы гелиоустановок; Экотехнологии и ресурсосбережение; № 3

書誌詳細
Parent link:Экотехнологии и ресурсосбережение: научно-технический журнал/ Национальная академия наук Украины (НАНУ) ; Институт газа Украины.— , 1994-2008.— 0235-3482
№ 3.— 2004.— С. 70-74
その他の著者: Селихов Ю. А., Ведь В. Е., Бухкало С. И., Костин В. М.
言語:ロシア語
出版事項: 2004
シリーズ:Приборы и оборудование
主題:
フォーマット: 図書の章
KOHA link:https://koha.lib.tpu.ru/cgi-bin/koha/opac-detail.pl?biblionumber=399241

MARC

LEADER 00000naa2a2200000 4500
001 399241
005 20231101065206.0
035 |a (RuTPU)RU\TPU\prd\40327 
090 |a 399241 
100 |a 20051213a2004 k y0rusy50 ca 
101 0 |a rus 
102 |a UA 
200 1 |a Конструкционные особенности увеличения эффективности работы гелиоустановок  |f Ю. А. Селихов [и др.] 
225 1 |a Приборы и оборудование 
320 |a Библиогр.: 12 назв. 
461 0 |0 (RuTPU)RU\TPU\prd\1029  |x 0235-3482  |t Экотехнологии и ресурсосбережение  |o научно-технический журнал  |f Национальная академия наук Украины (НАНУ) ; Институт газа Украины  |d 1994-2008 
463 0 |0 (RuTPU)RU\TPU\prd\26668  |t № 3  |v С. 70-74  |d 2004 
610 1 |a гелиоустановки 
610 1 |a гелиоколлектор 
610 1 |a тепловой дублер 
610 1 |a теплообменный аппарат 
610 1 |a полимерная пленка 
610 1 |a керамический нагреватель 
675 |a 662.997:621.365  |v 3 
701 1 |a Селихов  |b Ю. А. 
701 1 |a Ведь  |b В. Е. 
701 1 |a Бухкало  |b С. И. 
701 1 |a Костин  |b В. М. 
801 1 |a RU  |b 63413507  |c 20051213  |g PSBO 
801 2 |a RU  |b 63413507  |c 20120416  |g RCR 
942 |c BK